000 00814nam a2200229 i 4500
001 187737
003 ES-MaACL
005 20260210161952.0
008 180205s1962 sp |||| | spa d
100 1 _aHunt, George Mac Monies.
_9164207
245 1 0 _aPreservación de la madera /
_cGeorge M. Hunt..., George A. Garrat...; traducción revisada y anotada... por Adelardo Sanchís Batalla.
250 _a[1ª ed.].
260 _aBarcelona :
_bSalvat,
_c[1962]
300 _aVIII p., 486 p. :
_bil. ;
_c22 cm.
490 1 _aColección agrícola Salvat
650 0 4 _aMadera-
_xConservación.
_9167256
700 1 _aGarratt, George Alfred.
_9164208
700 1 _aSanchís Batalla, Adelardo.
_9164209
830 0 _aColección agrícola Salvat
_9181203
852 _aES-MaACL
_jC-22527
999 _c187737
_d187737